My NBA Top 15 - Statistics

General Stats
  • This quiz has been taken 11 times
  • The average score is 22 of 25
Answer Stats
Hint Answer % Correct
5 Bill Russell
100%
3 Kareem Abdul Jabbar
100%
14 Kevin Durant
100%
7 Kobe Bryant
100%
8 Larry Bird
100%
2 LeBron James
100%
4 Magic Johnson
100%
1 Michael Jordan
100%
13 Nikola Jokic
100%
9 Steph Curry
100%
6 Tim Duncan
100%
11 Hakeem Oulajuwon
90%
22 James Harden
90%
15 Jerry West
90%
17 Wilt Chaimberlain
90%
16 Kevin Garnett
80%
21 Moses Malone
80%
12 Oscar Robertson
80%
18 Dwayne Wade
70%
25 Julius Erving
70%
20 Kawhi Leonard
70%
10 Shaquille O'Neil
70%
19 David Robinson
60%
24 Dirk Nowitski
60%
23 Scottie Pippen
60%
No matching quizzes found
Score Distribution
Percent of People with Each Score
Percentile by Number Answered
Your Score History
You have not taken this quiz